| 000 | 00945nam a2200301 a 4500 | ||
|---|---|---|---|
| 001 | 75911 | ||
| 003 | BD-RjUL | ||
| 005 | 20211209082748.0 | ||
| 008 | 190914s1985 txua b 001 0 eng | ||
| 020 | _a0256030782 | ||
| 035 | _a(BD-RjUL)76130 | ||
| 040 |
_aDLC _cDLC _dDLC _dBD-RjUL _beng |
||
| 041 | _aeng | ||
| 082 | 0 | 0 |
_a658.403 _bTUF 1985 |
| 100 | 1 |
_aTurban, Efraim. _9232892 |
|
| 245 | 1 | 0 |
_aFundamentals of management science / _cEfraim Turban, Jack R. Meredith. |
| 250 | _a3rd ed. | ||
| 260 |
_aPlano, Tex. : _bBusiness Publications, _cc1985. |
||
| 300 |
_axix, 821 p. : _bill. (some col.) ; _c25 cm. |
||
| 504 | _aIncludes bibliographies and index. | ||
| 650 | 0 |
_aManagement science. _9232893 |
|
| 650 | 0 |
_aDecision making _xMathematical models _9232896 |
|
| 650 | 0 |
_aManagement _xMathematical models. _9232894 |
|
| 700 | 1 |
_aMeredith, Jack R. _9232898 |
|
| 942 |
_2ddc _cBK |
||
| 999 |
_c75911 _d75911 |
||